[Event "Parana-ch"]
[Site "Campo Mourao"]
[Date "2011.01.29"]
[Round "8"]
[White "Da Silva, Adriano Batista"]
[Black "Langaro, Caetano Azambuja"]
[Result "0-1"]
[WhiteElo "1941"]
[BlackElo "2066"]
[PlyCount "80"]
[EventDate "2011.01.25"]
[EventType "swiss"]
[EventRounds "9"]
[EventCountry "BRA"]
[SourceTitle "CBM 140 Extra"]
[Source "ChessBase"]
[SourceDate "2011.03.01"]
[SourceVersion "1"]
[SourceVersionDate "2011.03.01"]
[SourceQuality "1"]

1. d4 d5 2. Nf3 Nf6 3. e3 e6 4. Bd3 c5 5. b3 Nbd7 6. Bb2 Be7 7. 0-0 b6 8. Nbd2 Bb7 9. Ne5 Nxe5 10. dxe5 Nd7 11. f4 Qc7 12. a4 g5 13. Qh5 gxf4 14. exf4 c4 15. f5 cxd3 16. fxe6 0-0-0 17. exd7+ Kb8 18. e6 Bc5+ 19. Rf2 Bxf2+ 20. Kxf2 Qxc2 21. Bxh8 Qxd2+ 22. Kg1 Qe3+ 23. Kh1 Qxe6 24. Qe5+ Ka8 25. Qxe6 fxe6 26. Bd4 Rxd7 27. Rd1 Ba6 28. b4 Bc4 29. g3 Kb7 30. Be5 Rf7 31. Kg2 Kc6 32. Rd2 Rf5 33. Bb2 Kd6 34. Bc3 e5 35. Rf2 Rxf2+ 36. Kxf2 d4 37. Bd2 e4 38. Bf4+ Kd5 39. Ke1 e3 40. Kd1 Bb3+ 0-1

[Event "Parana-ch"]
[Site "Campo Mourao"]
[Date "2011.01.28"]
[Round "6"]
[White "Borges, Victor Hugo Moreira"]
[Black "Da Silva, Adriano Batista"]
[Result "1-0"]
[WhiteElo "2103"]
[BlackElo "1941"]
[PlyCount "61"]
[EventDate "2011.01.25"]
[EventType "swiss"]
[EventRounds "9"]
[EventCountry "BRA"]
[SourceTitle "CBM 140 Extra"]
[Source "ChessBase"]
[SourceDate "2011.03.01"]
[SourceVersion "1"]
[SourceVersionDate "2011.03.01"]
[SourceQuality "1"]

1. d4 Nf6 2. c4 e6 3. Nc3 Bb4 4. f3 c5 5. d5 d6 6. e4 exd5 7. cxd5 0-0 8. Bg5 Nbd7 9. Bd3 Qa5 10. Nge2 b5 11. 0-0 Bxc3 12. bxc3 Qb6 13. Kh1 a5 14. Qd2 Ba6 15. Ng3 c4 16. Bc2 b4 17. Nf5 Rfe8 18. Bxf6 Nxf6 19. Qg5 g6 20. Qxf6 gxf5 21. Qg5+ Kf8 22. Qh6+ Kg8 23. exf5 Qe3 24. f4 f6 25. Ba4 Qxc3 26. Rac1 Qb2 27. Bxe8 Rxe8 28. Rb1 Qc3 29. Qh4 Kg7 30. Rf3 Re3 31. Qg3+ 1-0

[Event "Parana-ch"]
[Site "Campo Mourao"]
[Date "2011.01.27"]
[Round "5"]
[White "Nemeth, Henrique Jr"]
[Black "Da Silva, Adriano Batista"]
[Result "0-1"]
[WhiteElo "1896"]
[BlackElo "1941"]
[PlyCount "78"]
[EventDate "2011.01.25"]
[EventType "swiss"]
[EventRounds "9"]
[EventCountry "BRA"]
[SourceTitle "CBM 140 Extra"]
[Source "ChessBase"]
[SourceDate "2011.03.01"]
[SourceVersion "1"]
[SourceVersionDate "2011.03.01"]
[SourceQuality "1"]

1. e4 c6 2. d4 d5 3. Nd2 dxe4 4. Nxe4 Bf5 5. Ng3 Bg6 6. Nh3 h6 7. Bc4 Nd7 8. Nf4 Bh7 9. 0-0 Nb6 10. Bb3 Nf6 11. Re1 Qd7 12. c3 Nbd5 13. Ngh5 e6 14. Nxf6+ gxf6 15. Nxd5 cxd5 16. c4 dxc4 17. Bxc4 0-0-0 18. Qb3 Kb8 19. Be3 Rg8 20. Rac1 Bd6 21. Bb5 Qe7 22. d5 Rg4 23. f3 Rb4 24. Qa3 a6 25. Bxa6 Rb6 26. Qc3 Rxa6 27. a3 Bf5 28. b4 e5 29. g4 Bg6 30. Red1 Qd7 31. Bc5 Rc8 32. Qb2 h5 33. b5 Bxc5+ 34. Rxc5 Rxc5 35. bxa6 Rb5 36. Qd2 hxg4 37. axb7 gxf3 38. Rc1 Rxb7 39. Qf2 Qxd5 0-1

[Event "Parana-ch"]
[Site "Campo Mourao"]
[Date "2011.01.25"]
[Round "2"]
[White "Da Silva, Adriano Batista"]
[Black "Costa, Paulo Cesar"]
[Result "1/2-1/2"]
[WhiteElo "1941"]
[BlackElo "2094"]
[PlyCount "44"]
[EventDate "2011.01.25"]
[EventType "swiss"]
[EventRounds "9"]
[EventCountry "BRA"]
[SourceTitle "CBM 140 Extra"]
[Source "ChessBase"]
[SourceDate "2011.03.01"]
[SourceVersion "1"]
[SourceVersionDate "2011.03.01"]
[SourceQuality "1"]

1. d4 d5 2. Nf3 c6 3. e3 Nf6 4. Bd3 Bg4 5. c3 e6 6. Nbd2 Nbd7 7. Qb3 Qb6 8. c4 dxc4 9. Qxc4 Be7 10. Ne5 Bh5 11. Nxd7 Nxd7 12. a3 0-0 13. 0-0 Rfc8 14. b3 c5 15. Bb2 Bf6 16. Qa4 Qd8 17. Rac1 cxd4 18. exd4 Rxc1 19. Rxc1 Nb6 20. Qa5 Bg6 21. Bxg6 hxg6 22. Nf3 Qd6 1/2-1/2